MDQL
is popping MORE tags! Check the
thread
!
Quizzes
Events
Quiz Creation
Community
Videos
Private Events
Remove Ads
Sign In
Join for FREE
Feedback
Dark Mode
Quiz Categories
Sports
Geography
Music
Movies
Television
Just For Fun
Miscellaneous
History
Literature
Language
Science
Gaming
Entertainment
Religion
Holiday
For Kids
Quiz Lab
Recent
Popular Today
Quiz Kudos Today
Editor Picks
Curator Picks
Quizzes by...
Day
Popularity
Type
Ratings
Length
Year
Community
Subscriptions
Recent Discussions
Orange Saloon
Badges
Playlists
Quests
Create
Leaderboards
Showdown
Live 5
Trivia Bingo
Activity
Puzzle Library
Sporcle Events
Private Events
Virtual Trivia
Globe League
Become a Host
Pub Owners
SporcleCon
Opinionation
Our Games
Videos
Blog
Mobile Apps
Partnerships
Remove Ads and Go Orange
Feedback
Music
Pop Music
The Beatles
Song
Album
Lyrics
Bands
Singers
Artist
Clip
Rock
Rap
Classical
Billboard
Country Music
Kpop
Taylor Swift
Music
Pop Music
The Beatles
Song
Album
Lyrics
Bands
Singers
Artist
Clip
Rock
Rap
Classical
Billboard
Country Music
Kpop
Taylor Swift
Random Quiz
Search Sporcle
×
Quiz Lab
Quiz Lab
Music
Song
Type in answers that appear in a list
Type in answers that appear in a list
Classic
Best Score? Go Orange.
Queens Of The Stone Age by lyric Stats
Can you name the Queens Of The Stone Age song by lyric?
By
qotsa_win
10m
20 Questions
944 Plays
944 Plays
944 Plays
Comments
Comments
Give Quiz Kudos
Give Quiz Kudos
-
- Ratings
hide this ad
Forced Order
Answers have to be entered in order
Answers have to be entered in order
Replay
Link that replays current quiz
Next Quiz
Link to next quiz in quiz playlist
You Got
0%
They Got
Avg Score
53%
Avg Friend Score
Upgrade to see
Score Distribution
Jump to the score distribution portion of the page
Score
0/20
Timer
10:00
0
Plays Today
Lyric
Song name
% Correct
We get these pills to swallow
No One Knows
98.3%
Nicotine valium vicodin marijuana extacy and alcohol
Feel Good Hit of the Summer
95.3%
I keep on playing our favourite song
In My Head
78.2%
Holding hands, skipping like a stone
Burn the Witch
77.5%
Sometimes the same is different
Make it Wit Chu
64.4%
Robots, robots brainwashed babies
Battery Acid
64.1%
You come back another day, and do no wrong
God Is In the Radio
58.6%
A new religion perscribed
Better Living Through Chemistry
54.4%
Speak in tongues, speak in lies
Mexicola
47.8%
I string 'em up, I cut 'em down
Avon
44.3%
Lyric
Song name
% Correct
I'd get up, if i knew i fell
Leg Of Lamb
43.4%
All the bodies piled up in your wake
Tangled Up In Plaid
43.4%
Your 10 pounds of Sh*t in a 5 pound bag
The Fun Machine Took A Sh*t And Died
43.3%
Simmering pick and pluck tenderize bone to dust
Mosquito Song
43.1%
You and i, cut from same cloth
You Would Know
41.5%
Fast approaching monsters marching in a row
River In the Road
37.3%
Poison cup, Drank it up
I Never Came
37%
I might like you better if we slept together
Never Say Never
35.6%
I'm so lost out on the highway, with no direction left to go
The Bronze
33.5%
Would you like our way home
Hangin' Tree
23.6%
Quiz Playlist
Details
Report
Send in Message
Add To Playlist
Classic:
Type in answers that appear in a list
Forced Order:
Answers have to be entered in order
Last Updated: Mar 3, 2017
Quiz Scoreboard
CHALLENGE
Sign Up to Join the Scoreboard
Show All
Scores
Hide
Comments
May contain spoilers
Recently Published
Two Season TV Shows II
by 123Four
Television
10m
Image Sorting: Flags VI
by Barbecue
Geography
2m
Find the 'City' Movie
by crazypaving
Movies
60s
More to Explore
Quiz From the Vault
Featured Blog Post
14 Easter Pick-up Lines to Find Eggs With
hide this ad
You Might Also Like...
Tags
Lyrics Quiz
Rock Quiz
Song Quiz
Qotsa
Rock Band
Today's Top Quizzes in Music
Browse Music
hide this ad
Today's Top Quizzes in Song
Browse Song
Top Contributed Quizzes in Music
1
5X2 Blitz: Bands II
2
5X2 Blitz: The Beatles
3
Taylor Swift All Songs (2024)
4
5X2 Blitz: Billboard
5
5X2 Blitz: Billboard II
6
5X2 Blitz: Album
7
5X2 Blitz: Rock
8
5X2 Blitz: Singers
9
Music Artist by Three 2010s hits
10
5X2 Blitz: Lyrics
Explore More
Trending Topics
NBA
Anime
Kpop
Disney
Crossword
Harry Potter
Marvel
Country
Song
WWE
NFL
Pokémon
Puzzle
The Office
Soccer
hide this ad
More By:
qotsa_win
Quiz
Plays
Rating
Category
Featured
Created
Queens Of The Stone Age by lyric
944
2.67
Music
Mar 13, 2012
Megadeth by lyric
922
3.80
Music
Mar 17, 2012
Queens of the Stone Age trivia (hard)
522
5.00
Music
Nov 14, 2011
Steel Panther Balls Out!
401
5.00
Music
Nov 10, 2011
Queens Of The Stone Age (album, bonus and rare tracks)
135
Music
Nov 10, 2011
Go to Creator's Profile
Score Distribution
Quiz Creator Spotlight
qotsa_win
Follow
Send a Message
Quizzes Created
-
Created Quiz Play Count
-
More By This Creator
Popular Quizzes Today
1
Colored Red Africa Blitz
2
Find the US States - No Outlines Minefield
3
Find the 'City' Movie
4
5x2 Blitz: Bands
5
The Countries of the World
6
Find the US States
7
Find the Countries of Europe - No Outlines Minefield
8
US States
More Music Quizzes
1990s #1 Hits Crossword pt. 1
Quiz Lab
Trending Quizzes
Colored Red Europe Blitz I
Colored Red Africa Blitz II
Colored Red Europe Blitz II
Colored Red Africa Blitz III
Colored Red Europe Blitz III
Recently Updated
How Do You Spell That?
pecheneg
Godzilla Movies
pecheneg
Grab Bag: 4-10 Letters
pecheneg
2024 March Madness Bracket
pecheneg
Famous TV Couples
Peacemaker
Champions League XIs: Real Madrid
pecheneg
Largest US Cities 1790-2010
pecheneg
Rides in Walt Disney World
pecheneg
Most Oscar Losses (Acting)
pecheneg
Beyoncé Albums
pecheneg
Trending Topics
Crossword
Disney
Anime
Marvel
Harry Potter
Kpop
NBA
WWE
Song
Puzzle
Soccer
The Office
Pokémon
Country
NFL
Your Account Isn't Verified!
In order to create a playlist on Sporcle, you need to verify the email address you used during registration. Go to your
Sporcle Settings
to finish the process.
Report this User
Report this user for behavior that violates our
Community Guidelines
.
Details:
Send Report
Go to the Sporcle.com Mobile Site →
Comments